| 000 | 01113 a2200217 4500 | ||
|---|---|---|---|
| 005 | 20080912101554.0 | ||
| 008 | 080912t xxu||||| |||| 00| 0 hin d | ||
| 010 | _aHIN-80669 | ||
| 020 |
_a8188577146 _c110.00 |
||
| 035 | _aHN-53015 | ||
| 037 | _bD.B.Act / pub | ||
| 082 | _a822.08 | ||
| 100 | _aझा, ज्ञानतोष | ||
| 245 |
_aनाटककार प्रेमचंदःसंदर्भ 'कर्बला ' _cज्ञानतोष झा |
||
| 246 |
_aNatakakar Premchand _bby Sandarbh 'Karbala' |
||
| 260 |
_aदिल्ली _bपूर्वा प्रकाशन _c2006 |
||
| 270 |
_ax/3897,,गली न. 13, शान्ति मोहल्ला,गाँधी नगर _bदिल्ली _e110031 |
||
| 300 |
_a96पृ _c22 सेमी (सजिल्द) |
||
| 942 |
_adpl _cHN _k822.08 / झाज्ञान _2ddc _h822.08 _m झाज्ञान |
||
| 999 |
_c6795 _d6795 |
||